000
00269nam a2200109Ia 4500
008
220204s9999 xx 000 0 und d
082
_a
633.51
_b
MUL
100
_a
G
245
0
_a
Cotton: Cultivation and fertilization
260
_a
Germany
_b
Ruhr Stick
_c
1960
942
_c
BK
999
_c
20233
_d
20233